Введение в информационный поиск: пер. с англ.

Dettagli Bibliografici
Autore principale: Маннинг К. Д. Кристофер
Altri autori: Рагхаван П. Прабхакар, Шютце Х. Хайнрих
Riassunto:Введение в информационный поиск — это первый учебник, который содержит взаимосвязанное изложение проблем классического информационного поиска и поиска в вебе, включая смежные задачи классификации и кластеризации текстов. Учебник написан с позиций информатики (computer science) и содержит современное изложение всех аспектов проектирования и реализации систем сбора, индексирования и поиска документов, методов оценки таких систем, а также введение в методы машинного обучения на базе коллекций текстов.
Lingua:russo
Pubblicazione: Москва, Вильямс, 2011
Soggetti:
Natura: MixedMaterials Libro
KOHA link:https://koha.lib.tpu.ru/cgi-bin/koha/opac-detail.pl?biblionumber=215887

MARC

LEADER 00000nam0a2200000 4500
001 215887
005 20231101230011.0
010 |a 9785845916235 
035 |a (RuTPU)RU\TPU\book\235841 
090 |a 215887 
100 |a 20120518d2011 km y0rusy50 ca 
101 1 |a rus  |c eng 
102 |a RU 
105 |a a z 001zy 
200 1 |a Введение в информационный поиск  |e пер. с англ.  |f К. Д. Маннинг, П. Рагхаван, Х. Шютце 
210 |a Москва  |c Вильямс  |d 2011 
215 |a 520 с.  |c ил. 
320 |a Предметный указатель: с. 506-520. 
320 |a Библиогр. в конце гл. 
330 |a Введение в информационный поиск — это первый учебник, который содержит взаимосвязанное изложение проблем классического информационного поиска и поиска в вебе, включая смежные задачи классификации и кластеризации текстов. Учебник написан с позиций информатики (computer science) и содержит современное изложение всех аспектов проектирования и реализации систем сбора, индексирования и поиска документов, методов оценки таких систем, а также введение в методы машинного обучения на базе коллекций текстов. 
606 1 |a Поисково-информационный сервис  |2 stltpush  |3 (RuTPU)RU\TPU\subj\71934  |9 85605 
610 1 |a булев поиск 
610 1 |a лексикон 
610 1 |a нечеткий поиск 
610 1 |a словари 
610 1 |a индексы 
610 1 |a построение 
610 1 |a сжатие 
610 1 |a релевантность 
610 1 |a XML-поиск 
610 1 |a кластеризация 
610 1 |a веб-поиск 
610 1 |a ссылки 
610 1 |a анализ 
610 1 |a машинное обучение 
675 |a 004.775  |v 4 
700 1 |a Маннинг  |b К. Д.  |g Кристофер 
701 1 |a Рагхаван  |b П.  |g Прабхакар 
701 1 |a Шютце  |b Х.  |g Хайнрих 
801 1 |a RU  |b 63413507  |c 20120518 
801 2 |a RU  |b 63413507  |c 20140515  |g RCR 
942 |c BK 
959 |a 78/20120518  |d 1  |e 0  |f ЧЗТЛ:1